| 000 | 00949nam a22003377a 4500 | ||
|---|---|---|---|
| 001 | BR2022000414 | ||
| 003 | BR-BrBNA | ||
| 005 | 20230928105641.0 | ||
| 007 | ta | ||
| 008 | 230509b bl.||||| |||| 00| 0 por d | ||
| 040 |
_aBR-BrBNA _bpor _cBiblioteca Nacional de Agricultura |
||
| 041 | _a(Por) | ||
| 072 | _aN01; P05; P06 | ||
| 090 | _ N01 BR2022000414 | ||
| 110 | 1 |
_aNorte Energia S.A., Brasília, DF (Brasil) _97663 |
|
| 245 | 1 | _aUHE Belo Monte: usina de transformação social | |
| 260 | 3 |
_aBrasília, DF (Brasil): _c[nd]. |
|
| 300 | _a76 p. | ||
| 500 | _aPublished 2015?; 42 illus. | ||
| 650 | _aHIDRELÉTRICA | ||
| 650 | _aENERGIA ELÉTRICA | ||
| 650 | _aHIDROLOGIA | ||
| 650 | _aMANEJO DE ÁGUA | ||
| 650 | _aTECNOLOGIA | ||
| 650 | _aDESENVOLVIMENTO SOCIAL | ||
| 650 | _aSANEAMENTO RURAL | ||
| 650 | _aPRESERVAÇÃO DA NATUREZA | ||
| 650 | _aSOCIOLOGIA RURAL | ||
| 909 |
_a202309 _bLucia _c55 _dLucia Elande |
||
| 942 | _cBK | ||
| 999 |
_c86044 _d86044 |
||